000 01759nam a22004457a 4500
003 CHAP
005 20220329143237.0
008 070731d2007 mx bd r 00110 spa d
010 _a93852
011 _a94824
035 _a105423
040 _cCHAP
090 _aTesis
100 1 _aBarrios Aldama, Marco Antonio
_910513
245 1 0 _aAnálisis del potencial de producción y de exportación agrícola del estado de Veracruz
_c/por Marco Antonio Barrios Aldama
260 _aChapingo, Méx. :
_bEl autor,
_c2007.
300 _a141 h. :
_bgráfs. ; mapas ; tablas
502 _aTesis (Lic. en Comercio Internacional de Productos Agropecuarios) -- UACH. División de Ciencias Económico Administrativas
530 _aTambién disponible en línea
590 _aALEPH
_b10
_c20130110
_lUCH01
_h1519
590 _aBATCH-UPD
_b10
_c20130110
_lUCH01
_h0657
590 _aBATCH-UPD
_b10
_c20130410
_lUCH01
_h0342
590 _aBATCH-UPD
_b10
_c20130914
_lUCH01
_h0011
590 _aBATCH-UPD
_b10
_c20140324
_lUCH01
_h1503
590 _aBATCH-UPD
_b10
_c20141002
_lUCH01
_h0834
590 _aBATCH
_b00
_c20181121
_lUCH01
_h0758
590 _aCONVERSION
_b10
_c20130109
_lUCH01
_h1352
650 1 4 _aAgricultura
_zVeracruz.
_91941
650 1 4 _aCultivos
_xRendimiento.
_930318
650 1 4 _aCultivos
_xVeracruz.
_930337
650 1 4 _aProductos agrícolas
_xExportación.
_991945
650 1 4 _aProductos agrícolas
_xVeracruz.
_992037
856 _3Finding aid
_uhttp://10.13.5.2/tesis/105423.pdf
_zTeclea aqui
856 _a1
_n0000795
901 _aBK
905 _aMarco A. Mendoza T.
942 _cFOLL
949 _aTesis
_bBC
_cTES
_d33724002036116
_eTS1
_gDonaciØn
_h47008
_i105423
_sb
949 _aTesis
_bBC
_cTES
_d33724002036124
_eTS2
_fc.2
_gDonaciØn
_h47009
_i105423
_sb
999 _c93852
_d93852